Logo CIB grande

ACCOUNTING II A PROGRAMMED TEXT (Registro nro. 222050)

Detalles MARC
000 -LEADER
campo de control de longitud fija 00581nam a2200241Ia 4500
005 - FECHA Y HORA DE LA ÚLTIMA TRANSACCIÓN
campo de control 20250425162102.0
008 - DATOS DE LONGITUD FIJA--INFORMACIÓN GENERAL
campo de control de longitud fija 250425s9999 xx 000 0 und d
020 ## - NÚMERO INTERNACIONAL ESTÁNDAR DEL LIBRO
Número Internacional Estándar del Libro 025601518X
041 ## - CÓDIGO DE IDIOMA
Código de lengua del texto/banda sonora o título independiente afr
082 ## - NÚMERO DE LA CLASIFICACIÓN DECIMAL DEWEY
Número de clasificación 657
010 ## - NÚMERO DE CONTROL DE LA BIBLIOTECA DEL CONGRESO
Número de control de LC 48705
100 ## - ENTRADA PRINCIPAL--NOMBRE DE PERSONA
Nombre de persona DON EDWARDS, JAMES
245 #0 - MENCIÓN DEL TÍTULO
Título ACCOUNTING II A PROGRAMMED TEXT
250 ## - MENCION DE EDICION
Mención de edición 3TH ED
260 ## - PUBLICACIÓN, DISTRIBUCIÓN, ETC.
Lugar de publicación, distribución, etc. Estados Unidos
Nombre del editor, distribuidor, etc. RICHARD IRWIN
Fecha de publicación, distribución, etc. 1974
260 ## - PUBLICACIÓN, DISTRIBUCIÓN, ETC.
Lugar de publicación, distribución, etc. S.L.
300 ## - DESCRIPCIÓN FÍSICA
Extensión 577
650 ## - PUNTO DE ACCESO ADICIONAL DE MATERIA--TÉRMINO DE MATERIA
Término de materia o nombre geográfico como elemento de entrada CONTABILIDAD
650 ## - PUNTO DE ACCESO ADICIONAL DE MATERIA--TÉRMINO DE MATERIA
Término de materia o nombre geográfico como elemento de entrada CONTABILIDAD FINANCIERA
700 ## - ENTRADA AGREGADA--NOMBRE PERSONAL
Nombre de persona HERMANSON, ROGER H
700 ## - ENTRADA AGREGADA--NOMBRE PERSONAL
Nombre de persona SALMONSON, R F
942 ## - ELEMENTOS DE ENTRADA SECUNDARIOS (KOHA)
Tipo de ítem Koha Libros
Existencias
Estatus retirado Estado de pérdida Estado de daño No para préstamo Biblioteca de origen Biblioteca actual Fecha de adquisición Coste, precio normal de compra Total de préstamos Código de barras Copia número
        FACULTAD DE INGENIERIA MECANICA Y CIENCIAS DE LA PRODUCCION FACULTAD DE INGENIERIA MECANICA Y CIENCIAS DE LA PRODUCCION 07/10/2002 3.00   D-30343 1

Copyright 2025 ESPOL. Todos los derechos reservados.